00738nam a2200241 a 4500001001300000003000900013005001700022008004100039020002300080082001700103100001600120245007300136260003900209300000900248500003500257505001000292650001300302700001600315902000800331942000700339952013300346999001700479nice12345678IN_TiNIC20260116013638.0050524s1995 grea grp 000 0 eng  a185230X c94000a297.63bSAL4 aSalahi, M A aMuhammad, Man and Prophetb a Complete Study of the Prophet of Islam aGreat BritainbElement Booksc1995 a741p aincludes index and biblioraphy2 aIndex aMuhammad1 aSalahi, M A bSRS cBK 001040708StackRoom-aHMIbHMId2007-07-10g940.00l2m1o297.63 SAL4p016340r2019-11-18s2019-11-05v940.00w2005-05-24yBK c11783d11783